00597nam a2200205 a 4500001001300000003000900013005001700022008004100039020001000080082002100090100002700111245003700138260005100175300000800226500003500234505002900269650002900298650003700327700002700364nice12345678IN_TiNIC20260116012100.0050524s1945 luca grp 000 0 eng  ac10000a305.6945097bAGA aAgarwala, Ratish Mohan aScience of Hindu-Muslim Politics aLucknowbInternational Social Lit.Pub.Coc1945 a88p aincludes index and biblioraphy2 aQuestion and Assignments aIslam-Relations Hinduism aInterfaith Dialogue-Hindu Muslim1 aAgarwala, Ratish Mohan